Bling-Bling - Vaïana (Paroles) - Statistiques

Statistiques générales
  • Ce quiz a été pris 465 fois
  • Le résultat moyen est 207 sur 311
Statistiques - réponses
Paroles % Correct
à
95%
de
94%
Ma
94%
Il
92%
ta
92%
t'a
92%
je
91%
Je
91%
ne
91%
Ne
91%
pas
91%
Pas
91%
crabe
89%
la
89%
89%
Ô
89%
au
88%
un
88%
briller
87%
ce
87%
le
87%
petit
87%
des
86%
qui
86%
Comme
85%
comme
85%
en
84%
et
84%
peu
84%
que
84%
Suis
83%
suis
83%
ton
83%
Ton
83%
triste
83%
charme
82%
Mais
82%
autant
81%
N'avait
81%
Non
81%
Tous
81%
tous
81%
ces
80%
qu'un
80%
abandonné
79%
n'était
79%
on
78%
On
78%
peux
78%
cœur
77%
Du
77%
menteurs
76%
bien
75%
Bien
75%
C'est
75%
c'est
75%
mes
75%
Tamatoa
74%
te
74%
voix
74%
est
73%
grand-mère
73%
larmes
73%
mieux
73%
n'écoute
73%
trésor
73%
Maintenant
72%
m'appelle
72%
moi
72%
petite
72%
sécher
72%
tu
72%
Tu
72%
vérité
72%
enfin
71%
mots
71%
pirate
71%
trois
71%
vie
71%
dit
70%
d'un
70%
l'artiste
70%
Maui
70%
plus
70%
Plus
70%
intérieure
69%
son
69%
tient
69%
Aujourd'hui
67%
J'ai
67%
une
67%
les
66%
par
66%
Ils
65%
ils
65%
tout
65%
même
64%
Bling-Bling
63%
mer
63%
voir
63%
frotté
62%
mon
62%
Tiens
62%
tiens
62%
faut
61%
Hum
61%
brillant
60%
jusqu'à
59%
nacré
59%
perles
59%
amer
58%
désolé
58%
pauvre
58%
toi
58%
collier
57%
apparence
56%
fruits
56%
mode
56%
sont
56%
J'aime
55%
supporte
55%
tes
55%
tournent
55%
vers
55%
viennent
54%
chance
53%
étincellant
53%
appétissant
52%
navrant
52%
pour
52%
humains
50%
Parce
50%
tatouages
50%
vrai
50%
cherche
49%
l'océan
48%
affreuse
47%
connu
47%
diamant
47%
encore
47%
modèle
47%
oeuvre
47%
performance
47%
rien
47%
servi
47%
vieux
47%
adoré
46%
Cherchant
46%
d'art
46%
elle
46%
milieu
46%
l'amour
45%
Loin
45%
m'as
45%
oui
45%
Oui
45%
personnes
45%
t'ont
45%
agile
44%
demi-dieu
44%
intemporelle
44%
n'est
44%
Attendez
42%
force
42%
Scintiller
42%
utile
42%
d'être
41%
fier
41%
n'ai
41%
sens
41%
vais
41%
fait
40%
rêves
40%
seras
40%
armure
39%
décapode
39%
l'héritier
38%
d'âge
37%
mal
37%
as
36%
douleur
36%
l'on
36%
nous
36%
seul
36%
voit
36%
Aïe
35%
beau
35%
être
34%
réclame
34%
trêve
34%
effrayant
33%
invincible
32%
raviver
32%
résistant
32%
semi-demi-mini-dieu
32%
sert
32%
Celui
31%
combat
31%
ami
30%
faire
30%
géant
30%
sauver
30%
deux
29%
Admirez
28%
part
28%
sois
28%
dévorer
27%
laid
26%
raisonnable
24%
Regarde
24%
vas
24%
t'informe
19%
Aucun quiz correspondant
Distribution des résultats
% des personnes avec chaque résultat
Percentile par nombre de réponses
Votre historique - résultats
Vous n’avez pas pris ce quiz